00630nam a22002057a 4500003000400000005001700004008004100021020001800062082001600080100001100096245008800107250001200195260004600207300002700253500005300280653001900333653002600352653002300378653002300401OSt20220218143056.0220218b |||||||| |||| 00| 0 eng d a9789814578509 a515.8bY35P aYeh, J aProblems and proofs in real analysis : theory of measure and integrationcby J. Yeh a3rd ed. aLondonbWorld Scientific Publishingc2014 aviii, 491p.bPaperback aUGC Start-Up Research Grant: Mathematics Project aMeasure theory aMathematical analysis aStudy and teaching aStudy and teaching